00519nam a2200157 i 450000100060000000300090000600500170001500700030003200800410003510000240007624501420010026000470024230000220028974000290031185200210034037579ES-MaACL20230906155613.0t|030221q1924 sp ||||1| spa d0 aEl Caballero Audaz.13aEl novelista que vendió a su Patria b: o Tartarin revolucionario : (triste historia de actualidad) / cpor El Caballero Audaz (seud.). aMadrid : b[s.n., c1924?] (fImp. Latina) a135 p. ; c18 cm.0 aTartarin revolucionario. aES-MaACLjB-5893